01402nam a2200337Ia 4500001001200000003000800012006001900020007001500039008004100054020001500095040002100110035002000131050002700151082001500178245013100193250001200324260003300336300002400369490001300393500017400406500002100580504005100601533015200652630002000804650002500824655002900849700002500878710001700903830001800920856012600938ebr10112478CaPaEBRm u cr cn|||||||||050607s2004 caua sb 001 0 eng d z0738490989 aCaPaEBRcCaPaEBR a(OCoLC)6145295714aQA76.9.D3bD383 2004eb04a005.7422200aDatabase transitionh[electronic resource] :bInformix Dynamic Server to DB2 Universal Database /cChuck Ballard ... [et al.]. a1st ed. aSan Jose, CA :bIBM,cc2004. axix, 582 p. :bill.1 aRedbooks a"This edition applies to Version 8.2 of DB2 Universal Database, Version 9.4 of Informix Dynamic Server (IDS), and Version 1.3 of the DB2 Migration Toolkit for Informix." a"December 2004." aIncludes bibliographical references and index. aElectronic reproduction.bPalo Alto, Calif. :cebrary,d2009.nAvailable via World Wide Web.nAccess may be limited to ebrary affiliated libraries.00aIBM Database 2. 0aDatabase management. 7aElectronic books.2local1 aBallard, Chuck.4aut2 aebrary, Inc. 0aIBM redbooks.40uhttp://site.ebrary.com/lib/rucke/Doc?id=10112478zAn electronic book accessible through the World Wide Web; click to view